000 00473nam a2200169 i 4500
001 117089
003 ES-MaACL
005 20230906190828.0
007 t|
008 071121s1955 sp r ||||1| spa d
100 1 _aPeña, Alfonso de la.
_990203
245 1 0 _aTumores de testículo /
_cAlfonso de la Peña.
260 _aMadrid :
_bPaz Montalvo,
_c1955.
300 _a115 p. :
_bil. ;
_c24 cm.
650 4 _aTestículos.
_9147127
852 _aES-MaACL
_jC-9488
_bR.37717
999 _c117089
_d117089